| 000 | 01120nam a22002895a 4500 | ||
|---|---|---|---|
| 003 | OSt | ||
| 005 | 20161122111514.0 | ||
| 008 | 161122s2006 ua frb 000 0 ara d | ||
| 015 | _a2006/14228 | ||
| 020 | _a9110498440 | ||
| 040 |
_aEG-ScBUE _bara _cEG-ScBUE |
||
| 082 | 0 | 4 |
_a346.04 _bم ح م _222 |
| 100 | 1 | _aمحمد، أشرف وفا. | |
| 245 | 1 | 0 |
_aتنازع القوانين في مجال التقادم / _cأشرف وفا محمد. |
| 250 | _aط. 1. | ||
| 260 |
_aالقاهرة : _bدار النهضة العربية، _c2006. |
||
| 300 |
_a311 ص. ؛ _c24 سم. |
||
| 650 | 7 |
_aالتقادم (قانون) _zمصر. _2BUEsh |
|
| 650 | 7 |
_aالتقادم (قانون) _zالكويت. _2BUEsh |
|
| 650 | 7 |
_aالتقادم (قانون) _zفرنسا. _2BUEsh |
|
| 650 | 7 |
_aتنازع القوانين _xقوانين وتشريعات _zمصر. _2BUEsh |
|
| 650 | 7 |
_aتنازع القوانين _xقوانين وتشريعات _zالكويت. _2BUEsh |
|
| 650 | 7 |
_aتنازع القوانين _xقوانين وتشريعات _zفرنسا. _2BUEsh |
|
| 651 | _2BUEsh | ||
| 653 |
_bLLAAWW _cNovember2016 |
||
| 942 | _2ddc | ||
| 999 |
_c23254 _d23226 |
||